[Event "30th WCh U20 Girls"]
[Site "Athens GRE"]
[Date "2012.08.06"]
[Round "5"]
[White "Frey, Alisa"]
[Black "Abdulla, Khayala"]
[Result "0-1"]
[WhiteElo "2035"]
[BlackElo "2217"]
[EventDate "2012.08.02"]
[PlyCount "84"]

1.e4 c5 2.Nf3 e6 3.d4 cxd4 4.Nxd4 Nc6 5.Nc3 Qc7 6.Be3 a6 7.Qd2 Nf6 8.O-O-O
Bb4 9.f3 Ne5 10.Nb3 d5 11.Qe1 O-O 12.Qg3 Nh5 13.Qg5 g6 14.f4 f6 15.Qh4 Nc4
16.Bxc4 dxc4 17.Nd4 Qa5 18.Nde2 Bc5 19.Bd4 Bxd4 20.Rxd4 b5 21.f5 b4 22.Nb1
exf5 23.exf5 b3 24.a3 Qxf5 25.Rxc4 bxc2 26.Rxc2 Bb7 27.Nec3 Nf4 28.Nd2 
Nxg2 29.Qg3 Ne3 30.Qxe3 Bxh1 31.Kb1 Rad8 32.Nde4 Rfe8 33.Re2 Re5 34.Ka1 
Bxe4 35.Nxe4 Rde8 36.Qb3+ Kh8 37.Ng3 Qf4 38.Rc2 Qd4 39.Rc7 Re3 40.Qf7 
Rxa3+ 41.Kb1 Qd3+ 42.Kc1 Ra1# 0-1

[Event "30th WCh U20 Girls"]
[Site "Athens GRE"]
[Date "2012.08.06"]
[Round "5"]
[White "Kulkarni, Bhakti Pradip"]
[Black "Narva, Triin"]
[Result "1-0"]
[WhiteElo "2159"]
[BlackElo "2028"]
[EventDate "2012.08.02"]
[PlyCount "79"]

1.d4 Nf6 2.c4 g6 3.Nc3 Bg7 4.e4 d6 5.Nf3 O-O 6.Be2 c5 7.d5 h6 8.O-O e6 9.
h3 exd5 10.exd5 a6 11.Bf4 Re8 12.Qd2 g5 13.Bh2 Bf5 14.Bd3 Bxd3 15.Qxd3 b6 
16.Qf5 Ra7 17.Nd2 Qd7 18.Qxd7 Rxd7 19.Rae1 Red8 20.g4 a5 21.f4 Na6 22.fxg5
hxg5 23.Rf5 Nh7 24.Nf3 Nb4 25.Re2 f6 26.Ne1 Na6 27.Nb5 Nf8 28.Nd3 Nb4 29.
Nc1 Ng6 30.a3 Na6 31.Re6 Ne7 32.Rf2 Nc8 33.Nb3 Nc7 34.Nxc7 Rxc7 35.Nd2 Rf7
36.Ne4 f5 37.Rxf5 Rxf5 38.gxf5 Bxb2 39.a4 Rf8 40.f6 1-0

[Event "30th WCh U20 Girls"]
[Site "Athens GRE"]
[Date "2012.08.06"]
[Round "5"]
[White "Semenova, Elena"]
[Black "Chiarion, Elisa"]
[Result "1-0"]
[WhiteElo "2134"]
[BlackElo "1978"]
[EventDate "2012.08.02"]
[PlyCount "65"]

1.e4 c5 2.Nf3 d6 3.d4 cxd4 4.Nxd4 Nf6 5.Nc3 g6 6.Be3 Bg7 7.f3 a6 8.Qd2 
Nbd7 9.O-O-O b5 10.g4 Bb7 11.h4 h5 12.g5 Nh7 13.a3 Rc8 14.Bh3 O-O 15.Kb1 
Rb8 16.f4 Nb6 17.f5 Nc4 18.Qe1 Qa5 19.Nd5 Bxd5 20.Qxa5 Nxa5 21.exd5 b4 22.
axb4 Rxb4 23.c3 Rb7 24.Bf1 Rfb8 25.Rh2 Rc7 26.fxg6 fxg6 27.Ne6 Rxc3 28.Ba7
Be5 29.Bxb8 Rc8 30.Bc7 Rxc7 31.Nxc7 Bxh2 32.b4 Nb7 33.Ne6 1-0

[Event "30th WCh U20 Girls"]
[Site "Athens GRE"]
[Date "2012.08.06"]
[Round "5"]
[White "Liao, Simone"]
[Black "Osmak, Yulia"]
[Result "1/2-1/2"]
[WhiteElo "1933"]
[BlackElo "2171"]
[EventDate "2012.08.02"]
[PlyCount "61"]

1.e4 e6 2.d4 d5 3.Nc3 Nf6 4.Bg5 Bb4 5.e5 h6 6.exf6 hxg5 7.fxg7 Rg8 8.h4 
gxh4 9.Nf3 Qf6 10.Qd3 Nc6 11.a3 Bxc3+ 12.Qxc3 Bd7 13.O-O-O O-O-O 14.Kb1 
Rxg7 15.Rxh4 Rdg8 16.g3 a6 17.Bg2 Rg4 18.Rdh1 Be8 19.Qe3 Ne7 20.Ne5 Rxh4 
21.Rxh4 Rh8 22.Qf4 Qg7 23.Rxh8 Qxh8 24.Nxf7 Qh2 25.Qf6 Qxg2 26.Qxe6+ Bd7 
27.Qxe7 Qf1+ 28.Ka2 Qc4+ 29.Kb1 Qf1+ 30.Ka2 Qc4+ 31.Kb1 1/2-1/2

[Event "30th WCh U20 Girls"]
[Site "Athens GRE"]
[Date "2012.08.06"]
[Round "5"]
[White "De Seroux, Camille"]
[Black "Lolici, Iselin-Amanda"]
[Result "1-0"]
[WhiteElo "2101"]
[BlackElo "1967"]
[EventDate "2012.08.02"]
[PlyCount "55"]

1.e4 c5 2.Nf3 Nc6 3.d4 cxd4 4.Nxd4 Nf6 5.Nc3 g6 6.Be3 Bg7 7.Bc4 O-O 8.Bb3 
a5 9.O-O a4 10.Nxa4 Nxe4 11.Nb5 Ra6 12.Qe2 Na5 13.c4 Nxb3 14.axb3 Nd6 15.
Nd4 e5 16.Nc2 Nf5 17.Nb4 Nxe3 18.Qxe3 Re6 19.Nd5 d6 20.Nab6 Qh4 21.Ra8 
Ree8 22.g3 Qh3 23.Rxc8 Rxc8 24.Nxc8 Rxc8 25.Ne7+ Kh8 26.Nxc8 Qxc8 27.Qb6 
Qc6 28.Qd8+ 1-0

[Event "30th WCh U20 Girls"]
[Site "Athens GRE"]
[Date "2012.08.06"]
[Round "5"]
[White "Ivekovic, Ana"]
[Black "Batkovskyte, Dominyka"]
[Result "0-1"]
[WhiteElo "1959"]
[BlackElo "2096"]
[EventDate "2012.08.02"]
[PlyCount "130"]

1.e4 e6 2.d4 d5 3.Nc3 Nf6 4.Bg5 Be7 5.e5 Nfd7 6.h4 Bxg5 7.hxg5 Qxg5 8.Nh3 
Qe7 9.Nf4 Nc6 10.Qd2 g6 11.Ncxd5 exd5 12.Nxd5 Qd8 13.Qf4 g5 14.Qe4 h6 15.
O-O-O Ne7 16.Nf6+ Kf8 17.Ng4 Kg7 18.Bd3 Nf8 19.Ne3 c6 20.g3 Nd5 21.Nc4 Nb4
22.Nd6 Be6 23.c4 Nxa2+ 24.Kb1 Nb4 25.f4 Qa5 26.f5 Qa2+ 27.Kc1 Nxd3+ 28.
Qxd3 Bd7 29.Qf3 Kg8 30.Qh5 Rh7 31.c5 Qb3 32.g4 Qe3+ 33.Kb1 a5 34.Rhe1 Qb3 
35.Ne4 a4 36.Nf6+ Kh8 37.Qh1 a3 38.Re2 Ra4 39.Nxh7 Nxh7 40.Qf1 Rb4 41.Rf2 
Qa4 42.Rfd2 Rb3 43.Qe2 axb2 44.Rxb2 Ra3 45.Kc1 Ra1+ 46.Rb1 Qa3+ 47.Qb2 
Qe3+ 48.Qd2 Rxb1+ 49.Kxb1 Qe4+ 50.Qd3 Qxd3+ 51.Rxd3 h5 52.Re3 hxg4 53.e6 
fxe6 54.fxe6 Be8 55.Kc2 Kg7 56.Kc3 Nf6 57.Re5 Nd5+ 58.Kd2 Kf6 59.Re1 Bg6 
60.Re5 Bf5 61.Ke1 Bxe6 62.Re2 Nf4 63.Rd2 g3 64.Kf1 Bc4+ 65.Kg1 g2 0-1

[Event "30th WCh U20 Girls"]
[Site "Athens GRE"]
[Date "2012.08.06"]
[Round "5"]
[White "Vatkali, Dimitra"]
[Black "Pon Krithikha, Namasivayam"]
[Result "0-1"]
[WhiteElo "1936"]
[BlackElo "2119"]
[EventDate "2012.08.02"]
[PlyCount "64"]

1.d4 Nf6 2.c4 c5 3.d5 b5 4.cxb5 a6 5.b6 e6 6.Nc3 exd5 7.Nxd5 Nxd5 8.Qxd5 
Nc6 9.Nf3 Rb8 10.Ne5 Qf6 11.Nxc6 dxc6 12.Qf3 Be7 13.Bd2 Qxb2 14.Bc3 Qxb6 
15.Bxg7 Rg8 16.Bc3 Be6 17.Qd3 Rg6 18.g3 c4 19.Qc2 Bd5 20.Rg1 Bc5 21.e3 Re6
22.Be2 Be4 23.Qc1 Qb5 24.h4 Rd8 25.Bg4 Red6 26.Kf1 h5 27.Bxh5 Ba3 28.Bxf7+
Kxf7 29.Qxa3 Rd1+ 30.Ke2 Qf5 31.Rgxd1 Qf3+ 32.Ke1 Qh1+ 0-1

[Event "30th WCh U20 Girls"]
[Site "Athens GRE"]
[Date "2012.08.06"]
[Round "5"]
[White "Cemhan, Kardelen"]
[Black "Furtado, Ivana Maria"]
[Result "1-0"]
[WhiteElo "1938"]
[BlackElo "2102"]
[EventDate "2012.08.02"]
[PlyCount "159"]

1.e4 e6 2.d4 d5 3.Nd2 Nf6 4.e5 Nfd7 5.Bd3 c5 6.c3 Nc6 7.Ne2 cxd4 8.cxd4 f6
9.Nf4 Nxd4 10.Qh5+ Ke7 11.exf6+ Nxf6 12.Ng6+ hxg6 13.Qxh8 Kf7 14.O-O e5 
15.Nb3 Nc6 16.Bg5 Bf5 17.Bxf5 gxf5 18.Qh3 g6 19.Rfd1 d4 20.Rac1 Qd5 21.
Bxf6 Kxf6 22.Qh8+ Kf7 23.f4 Rd8 24.fxe5 Bg7 25.Qh4 Bxe5 26.h3 Qe4 27.Qxe4 
fxe4 28.Nc5 e3 29.Nd3 Re8 30.Rc2 g5 31.Kf1 Bd6 32.Ke2 Ne7 33.Rf1+ Kg6 34.
g4 Nd5 35.Rc4 Re4 36.Rd1 Nb6 37.Rc2 Re7 38.Rf1 Nd5 39.Rc4 Re4 40.Rd1 Kg7 
41.Re1 Bg3 42.Kf3 Nb6 43.Rc5 Bxe1 44.Rxg5+ Kh6 45.Rh5+ Kg7 46.Kxe4 Bg3 47.
Rc5 e2 48.Rc1 Na4 49.Kxd4 Nxb2 50.Nxb2 e1=Q 51.Rxe1 Bxe1 52.Nd3 Bg3 53.Nc5
b6 54.Ne4 Be1 55.Kd5 b5 56.Nd6 b4 57.Nb5 a5 58.Nd4 Kf6 59.Nf3 Bf2 60.Kc4 
Bb6 61.h4 Kg6 62.Nd4 Kh6 63.Nc6 Bf2 64.h5 Kg5 65.Ne5 Bg3 66.Nc6 Kxg4 67.h6
Bh4 68.h7 Bf6 69.Nxa5 Kf5 70.Nc6 Kg6 71.Nxb4 Kxh7 72.Nc6 Bh4 73.a4 Be1 74.
Nb4 Kg6 75.a5 Kf5 76.a6 Bf2 77.Kd5 Kf6 78.Kc6 Ke6 79.Nd5 Ba7 80.Kb7 1-0

[Event "30th WCh U20 Girls"]
[Site "Athens GRE"]
[Date "2012.08.06"]
[Round "5"]
[White "Galunova, Tsveta"]
[Black "Messam-Sparks, Lateefah"]
[Result "1/2-1/2"]
[WhiteElo "2091"]
[BlackElo "1947"]
[EventDate "2012.08.02"]
[PlyCount "92"]

1.e4 c5 2.c3 d5 3.exd5 Qxd5 4.d4 g6 5.Nf3 Bg7 6.Be2 cxd4 7.cxd4 Nf6 8.Nc3 
Qd8 9.O-O O-O 10.h3 Nbd7 11.Re1 Nb6 12.Bf4 Nbd5 13.Bh2 b6 14.Ne5 Bb7 15.
Qb3 Rc8 16.Bf3 Ba8 17.a4 Bh6 18.Nb5 a6 19.Na3 e6 20.Nac4 a5 21.Bg3 Nb4 22.
Bxa8 Rxa8 23.Bh4 g5 24.Bg3 Qxd4 25.Rad1 Qc5 26.Nf3 Rfc8 27.Nd6 Rf8 28.Re5 
Qc2 29.Qxc2 Nxc2 30.Nxg5 Rad8 31.h4 Nb4 32.Ree1 Nfd5 33.Re2 Bg7 34.Rc1 h6 
35.Nf3 Rd7 36.Nb5 Nd3 37.Rcc2 N3b4 38.Rcd2 Rc8 39.Ne5 Rdd8 40.Kh2 Bf8 41.
Rd4 h5 42.Red2 Bh6 43.Re2 Bg7 44.Rd1 Bh6 45.Rd4 Bg7 46.Rd1 Bh6 1/2-1/2

[Event "30th WCh U20 Girls"]
[Site "Athens GRE"]
[Date "2012.08.06"]
[Round "5"]
[White "Edes, Zsofia"]
[Black "Koutsogiannopoulou, Theodora"]
[Result "1-0"]
[WhiteElo "2081"]
[BlackElo "1897"]
[EventDate "2012.08.02"]
[PlyCount "127"]

1.d4 Nf6 2.c4 g6 3.Nc3 Bg7 4.e4 d6 5.f4 O-O 6.Nf3 c5 7.d5 e6 8.Be2 exd5 9.
cxd5 Bg4 10.O-O Nbd7 11.Kh1 a6 12.a4 Ne8 13.Ng5 Bxe2 14.Qxe2 Nc7 15.Qd3 h6
16.Nf3 Rb8 17.a5 b5 18.axb6 Rxb6 19.Nd2 Rb4 20.Nc4 Nb6 21.Na5 Qe8 22.Nc6 
Bxc3 23.bxc3 Rxe4 24.f5 g5 25.f6 Nbxd5 26.Ne7+ Rxe7 27.fxe7 Qxe7 28.c4 Nb4
29.Qf5 Qe5 30.Qf6 Nd3 31.Bd2 Qxf6 32.Rxf6 Ne5 33.Rxd6 Nxc4 34.Rc6 Nxd2 35.
Rxc7 c4 36.Rd1 Rb8 37.h3 Rb2 38.Re1 a5 39.Ree7 Rb1+ 40.Kh2 Rf1 41.Re2 Nb3 
42.Rxc4 Rf5 43.Rb2 Rb5 44.Ra4 Kg7 45.Ra3 Nd4 46.Rxb5 Nxb5 47.Rxa5 Nd6 48.
Kg3 f6 49.Rd5 Nf7 50.Kf3 Kg6 51.Ra5 h5 52.Ke4 Nd6+ 53.Kd5 Nf5 54.Ke6 Ne3 
55.Ra2 f5 56.Ra8 g4 57.hxg4 fxg4 58.Ra2 h4 59.Ke5 h3 60.gxh3 gxh3 61.Kf4 
Nf1 62.Rf2 Ne3 63.Kxe3 Kg5 64.Kf3 1-0

[Event "30th WCh U20 Girls"]
[Site "Athens GRE"]
[Date "2012.08.06"]
[Round "5"]
[White "Moura, Danielle Sena"]
[Black "Kolaric, Spela"]
[Result "0-1"]
[WhiteElo "1876"]
[BlackElo "2071"]
[EventDate "2012.08.02"]
[PlyCount "70"]

1.d4 Nf6 2.c4 e6 3.Nf3 Bb4+ 4.Bd2 Qe7 5.g3 Nc6 6.Bg2 Bxd2+ 7.Nbxd2 d6 8.e4
e5 9.d5 Nb8 10.O-O a5 11.Ne1 h5 12.h3 O-O 13.Nd3 Na6 14.f4 Bd7 15.Qe2 Be8 
16.fxe5 dxe5 17.Rf5 g6 18.Rxe5 Qd8 19.Rxe8 Qxe8 20.e5 Nd7 21.Ne4 Kg7 22.
Qe3 Nb4 23.Nxb4 axb4 24.Qd4 Qxe5 25.Qxe5+ Nxe5 26.d6 Rac8 27.dxc7 Rxc7 28.
b3 Rd8 29.a3 bxa3 30.Rxa3 Rd3 31.c5 Nf3+ 32.Kf2 Nd4 33.Nd6 Rxc5 34.Nxb7 
Rc2+ 35.Ke1 Rxg2 0-1

[Event "30th WCh U20 Girls"]
[Site "Athens GRE"]
[Date "2012.08.06"]
[Round "5"]
[White "Nevioselaya, Maria"]
[Black "Serefidou, Despina"]
[Result "1-0"]
[WhiteElo "2057"]
[BlackElo "1865"]
[EventDate "2012.08.02"]
[PlyCount "125"]

1.e4 e5 2.Nf3 Nc6 3.Bb5 a6 4.Ba4 Nf6 5.O-O Be7 6.Re1 b5 7.Bb3 d6 8.c3 O-O 
9.h3 Nb8 10.d4 Nbd7 11.Nbd2 Bb7 12.Bc2 Re8 13.Nf1 Bf8 14.d5 c6 15.dxc6 
Bxc6 16.Ng3 g6 17.a4 Qc7 18.h4 h5 19.Bg5 Nh7 20.a5 Nc5 21.b4 Ne6 22.Bd2 
Nf6 23.Nf1 Qe7 24.N1h2 Ng4 25.g3 Nxh2 26.Kxh2 Qc7 27.Bb3 Rad8 28.Bg5 Nxg5 
29.Nxg5 Re7 30.g4 hxg4 31.Qxg4 Bh6 32.h5 Bxg5 33.Qxg5 Kg7 34.h6+ Kh7 35.
Qf6 Rg8 36.Rad1 Rd7 37.f4 Qd8 38.fxe5 dxe5 39.Rxd7 Qxf6 40.Rxf7+ Qxf7 41.
Bxf7 Rd8 42.Re3 Kxh6 43.Kg3 Kg5 44.Be6 Kf6 45.Bg4 Kg5 46.Be2 Rd2 47.Bd3 
Rd1 48.Kf3 Kh4 49.Ke2 Rh1 50.Rf3 Rh2+ 51.Ke1 Rh3 52.Rf6 Bb7 53.Kd2 Rh2+ 
54.Kc1 g5 55.Rb6 Bc8 56.Rc6 Bh3 57.Rh6+ Kg3 58.Rxa6 g4 59.Bxb5 Kh4 60.Bd7 
Bf1 61.Rh6+ Kg3 62.Rxh2 Kxh2 63.Bxg4 1-0

[Event "30th WCh U20 Girls"]
[Site "Athens GRE"]
[Date "2012.08.06"]
[Round "5"]
[White "Anusca, Madalina-Maria"]
[Black "Dominguez, Gisella"]
[Result "1/2-1/2"]
[WhiteElo "2079"]
[BlackElo "1831"]
[EventDate "2012.08.02"]
[PlyCount "113"]

1.d4 Nf6 2.c4 g6 3.Nf3 Bg7 4.g3 O-O 5.Bg2 d6 6.O-O Nbd7 7.Nc3 e5 8.e4 Re8 
9.Re1 a5 10.h3 exd4 11.Nxd4 Nc5 12.Ndb5 Bd7 13.Bf4 Ne6 14.Be3 Bc6 15.Nd5 
Nxd5 16.exd5 Bxb5 17.cxb5 Nc5 18.Qc2 b6 19.a4 Qf6 20.Re2 Kf8 21.h4 Qd8 22.
Rae1 Qd7 23.Kh2 Qg4 24.b3 Qb4 25.Bxc5 bxc5 26.Rxe8+ Rxe8 27.Rxe8+ Kxe8 28.
Bh3 Qd4 29.Qe2+ Qe5 30.Qd1 Bf6 31.Kg1 Bg7 32.Bg2 h5 33.Kh2 Bf6 34.Qd3 Kf8 
35.f4 Qc3 36.Qd1 Bd4 37.f5 Be5 38.Qf3 Qxf3 39.Bxf3 Ke7 40.Be4 Kf6 41.fxg6 
fxg6 42.Kh3 g5 43.g4 hxg4+ 44.Kxg4 gxh4 45.Kxh4 Bf4 46.Kg4 Bc1 47.Bd3 Bd2 
48.Kf3 Ke5 49.Ke2 Bg5 50.Bc4 Bh6 51.Kd3 Bg5 52.Kc3 Ke4 53.Bf1 Kxd5 54.Bg2+
Ke5 55.Kc4 Bd8 56.Bf3 Ke6 57.Bg2 1/2-1/2

[Event "30th WCh U20 Girls"]
[Site "Athens GRE"]
[Date "2012.08.06"]
[Round "5"]
[White "Manelidou, Maria"]
[Black "Owens, Megan"]
[Result "1-0"]
[WhiteElo "2056"]
[BlackElo "1816"]
[EventDate "2012.08.02"]
[PlyCount "59"]

1.e4 c5 2.Nf3 g6 3.c4 Nc6 4.d4 cxd4 5.Nxd4 Bg7 6.Nc2 Nf6 7.Nc3 O-O 8.Be3 
d6 9.Be2 Be6 10.O-O Nd7 11.Qd2 Nce5 12.b3 Ng4 13.Bd4 Bh6 14.Qd1 Ngf6 15.f4
Nc5 16.g4 Nfxe4 17.Nxe4 Nxe4 18.g5 Bg7 19.Bxg7 Kxg7 20.Qd4+ f6 21.Qxe4 Bf5
22.Qxb7 Bxc2 23.Bf3 fxg5 24.Rae1 Qb6+ 25.Qxb6 axb6 26.Bxa8 Rxa8 27.Rxe7+ 
Kg8 28.fxg5 Bf5 29.Rf2 Ra5 30.Rd2 1-0

[Event "30th WCh U20 Girls"]
[Site "Athens GRE"]
[Date "2012.08.06"]
[Round "5"]
[White "Forsa, Elise"]
[Black "Bucar, Natasa"]
[Result "1-0"]
[WhiteElo "1836"]
[BlackElo "2022"]
[EventDate "2012.08.02"]
[PlyCount "207"]

1.e4 c5 2.Nf3 d6 3.d4 cxd4 4.Nxd4 Nf6 5.Nc3 a6 6.Be2 e5 7.Nb3 Be7 8.a4 b6 
9.O-O Nbd7 10.Be3 Bb7 11.f3 O-O 12.Bc4 Rc8 13.Qe2 Nb8 14.Rad1 Qc7 15.Nd2 
Rfd8 16.f4 d5 17.exd5 Nxd5 18.Bxd5 Bxd5 19.fxe5 Qxe5 20.Nf3 Bxf3 21.Rxd8+ 
Bxd8 22.Qxf3 Qe6 23.Re1 Bf6 24.Bd2 Qd7 25.Qe2 Nc6 26.Rd1 Nb4 27.Bf4 Qf5 
28.Re1 h6 29.Rf1 Bd4+ 30.Kh1 Qe6 31.Qd2 Qc4 32.Ne2 Bxb2 33.Rb1 Qxc2 34.
Rxb2 Qxd2 35.Rxd2 b5 36.axb5 axb5 37.Kg1 Nc2 38.Nd4 Na3 39.Rb2 Rc4 40.Ne2 
b4 41.Bd2 Nc2 42.Bc3 bxc3 43.Rxc2 g6 44.Kf2 Rc7 45.Rxc3 Re7 46.Nf4 Kg7 47.
Nd5 Rd7 48.Ne3 Ra7 49.Kg3 Rb7 50.h3 Ra7 51.Ng4 Rb7 52.Ne5 Ra7 53.Rd3 Kf6 
54.Nc6 Rb7 55.Rd8 Rc7 56.Rd6+ Kg7 57.Ne5 Rc8 58.Kf2 Rc5 59.Nf3 Rc2+ 60.Kg3
Rc7 61.h4 Rb7 62.Rd5 Ra7 63.h5 Rb7 64.Kh3 Ra7 65.g3 Ra3 66.Nh4 gxh5 67.
Rxh5 Ra1 68.Rd5 Rf1 69.Kg4 Rg1 70.Rd7 Kf6 71.Rd6+ Kg7 72.Nf5+ Kh7 73.Rxh6+
Kg8 74.Rf6 Ra1 75.Kh5 Ra5 76.g4 Rb5 77.Kh4 Rb4 78.Nd6 Kg7 79.Rxf7+ Kg6 80.
Re7 Rb1 81.Re3 Ra1 82.Rh3 Rg1 83.Nc4 Re1 84.Re3 Rh1+ 85.Kg3 Rg1+ 86.Kf4 
Kf6 87.Nd2 Rg2 88.Nf3 Ra2 89.g5+ Kg7 90.Nh4 Ra7 91.Kf5 Rf7+ 92.Kg4 Ra7 93.
Re6 Kf7 94.Rf6+ Kg8 95.Kh5 Rh7+ 96.Kg4 Ra7 97.Nf5 Ra4+ 98.Kh5 Ra7 99.Nh6+ 
Kg7 100.Rf7+ Rxf7 101.Nxf7 Kxf7 102.Kh6 Kg8 103.Kg6 Kh8 104.Kf7 1-0

[Event "30th WCh U20 Girls"]
[Site "Athens GRE"]
[Date "2012.08.06"]
[Round "5"]
[White "York-Andersen, Anna"]
[Black "Medeiros, Thauane Ferreira"]
[Result "0-1"]
[WhiteElo "1828"]
[BlackElo "1855"]
[EventDate "2012.08.02"]
[PlyCount "72"]

1.e4 c5 2.c4 d6 3.Nc3 Nf6 4.g3 g6 5.Bg2 Bg7 6.Nge2 O-O 7.O-O Nc6 8.d3 Bd7 
9.h3 a6 10.Be3 Rb8 11.d4 cxd4 12.Nxd4 Ne8 13.Nde2 Na5 14.b3 b5 15.cxb5 
Bxb5 16.Rc1 Bd7 17.Qd2 Nb7 18.Nd5 Na5 19.Nxe7+ Qxe7 20.Qxa5 f5 21.exf5 
Rxf5 22.Qd2 Nf6 23.Nc3 Rh5 24.Bf4 Bxh3 25.Rfe1 Bxg2 26.Kxg2 Qb7+ 27.f3 Rf8
28.Qxd6 g5 29.Qc7 Qa8 30.Re7 Ne8 31.Qc4+ Kh8 32.g4 Rxf4 33.Rxe8+ Qxe8 34.
Ne4 Rh6 35.Qc7 Rxe4 36.Qb7 Rxg4+ 0-1

[Event "30th WCh U20 Girls"]
[Site "Athens GRE"]
[Date "2012.08.06"]
[Round "5"]
[White "Nonkovic, Bogdana"]
[Black "Tuzi, Bruna"]
[Result "1-0"]
[WhiteElo "1950"]
[BlackElo "1546"]
[EventDate "2012.08.02"]
[PlyCount "51"]

1.Nf3 Nf6 2.c4 c5 3.g3 g6 4.Bg2 Bg7 5.O-O O-O 6.d4 d5 7.cxd5 cxd4 8.Nxd4 
Nxd5 9.Nb5 e6 10.e4 Qb6 11.a4 Nc7 12.Be3 Qc6 13.Nxa7 Qa6 14.Qc2 Nc6 15.
Nxc6 bxc6 16.Nd2 Qb7 17.Rab1 Na6 18.b4 Rb8 19.b5 cxb5 20.axb5 Nc7 21.b6 
Na8 22.e5 Qd7 23.Bc6 Qd8 24.b7 Bxb7 25.Bxb7 Qd7 26.Qc6 1-0

[Event "30th WCh U20 Girls"]
[Site "Athens GRE"]
[Date "2012.08.06"]
[Round "5"]
[White "Psofimi, Milia"]
[Black "Kalaydina, Regina Veronicka"]
[Result "0-1"]
[WhiteElo "1437"]
[BlackElo "1928"]
[EventDate "2012.08.02"]
[PlyCount "160"]

1.e4 c5 2.Nf3 e6 3.d4 cxd4 4.Nxd4 Nc6 5.Nc3 Nf6 6.Be3 Bb4 7.Ne2 Nxe4 8.Qd3
d5 9.O-O-O Nf6 10.f3 a6 11.a3 Be7 12.Bf2 b5 13.h4 b4 14.Nb1 Bb7 15.Rh3 Rc8
16.Nd4 Nxd4 17.Bxd4 Qc7 18.axb4 Qf4+ 19.Qe3 Qxe3+ 20.Bxe3 Bxb4 21.Rd4 Bc5 
22.Rd3 Bxe3+ 23.Rxe3 Ke7 24.Rb3 Rc7 25.Nc3 d4 26.Nb1 Nd5 27.Rg3 g6 28.Na3 
Rd8 29.Nc4 Rdc8 30.Na3 Ne3 31.Bd3 Bd5 32.Rb4 Nc4 33.Bxc4 Bxc4 34.f4 d3 35.
Nxc4 Rxc4 36.Rb7+ Kf6 37.c3 Rd8 38.Kd2 Rxf4 39.Rxd3 Rxd3+ 40.Kxd3 Ke5 41.
c4 Rf2 42.b4 Rxg2 43.c5 Rg3+ 44.Kc4 Rg4+ 45.Kc3 f5 46.c6 Kd6 47.c7 Kd7 48.
c8=Q+ Kxc8 49.Rxh7 e5 50.h5 gxh5 51.Rxh5 Rf4 52.Rh8+ Kb7 53.Rh7+ Kb6 54.
Rh6+ Kb5 55.Re6 Rf3+ 56.Kd2 e4 57.Re5+ Kxb4 58.Re6 a5 59.Kc2 Rf2+ 60.Kd1 
Kc3 61.Rc6+ Kd3 62.Rd6+ Ke3 63.Kc1 f4 64.Rd5 a4 65.Ra5 Ra2 66.Kb1 Ra3 67.
Kb2 Rb3+ 68.Kc2 f3 69.Rxa4 Rd3 70.Ra1 f2 71.Rf1 Ke2 72.Rh1 f1=Q 73.Rxf1 
Kxf1 74.Kc1 e3 75.Kc2 Rd8 76.Kc3 e2 77.Kc4 e1=Q 78.Kb5 Qc1 79.Kb4 Rb8+ 80.
Ka5 Qa1# 0-1

[Event "30th WCh U20 Girls"]
[Site "Athens GRE"]
[Date "2012.08.07"]
[Round "6"]
[White "Goryachkina, Aleksandra"]
[Black "Kashlinskaya, Alina"]
[Result "1/2-1/2"]
[WhiteElo "2361"]
[BlackElo "2391"]
[EventDate "2012.08.02"]
[PlyCount "40"]

1.d4 d5 2.c4 e6 3.Nf3 Nf6 4.Nc3 Be7 5.Bf4 O-O 6.e3 b6 7.Bd3 c5 8.cxd5 Nxd5
9.Nxd5 exd5 10.dxc5 bxc5 11.O-O Bg4 12.Qc2 Bxf3 13.gxf3 g6 14.Bh6 Bd6 15.
Bxf8 Bxh2+ 16.Kxh2 Qh4+ 17.Kg2 Qg5+ 18.Kh2 Qh4+ 19.Kg2 Qg5+ 20.Kh2 Qh4+ 
1/2-1/2

[Event "30th WCh U20 Girls"]
[Site "Athens GRE"]
[Date "2012.08.07"]
[Round "6"]
[White "Vojinovic, Jovana"]
[Black "Bodnaruk, Anastasia"]
[Result "1/2-1/2"]
[WhiteElo "2337"]
[BlackElo "2414"]
[EventDate "2012.08.02"]
[PlyCount "84"]

1.d4 Nf6 2.Nf3 g6 3.c4 Bg7 4.Nc3 O-O 5.e4 d6 6.Be2 e5 7.O-O Nc6 8.d5 Ne7 
9.Bg5 h6 10.Bxf6 Bxf6 11.b4 Bg7 12.c5 f5 13.Nd2 fxe4 14.Ndxe4 Nf5 15.Bg4 
Rf7 16.a4 dxc5 17.bxc5 b6 18.Rb1 Nd4 19.Bxc8 Rxc8 20.Qg4 Kh7 21.Qh3 Rf5 
22.f3 Kg8 23.Qg3 Kh7 24.Qh3 bxc5 25.Rb7 Rb8 26.Rxb8 Qxb8 27.Rb1 Qf8 28.Qg3
h5 29.Rb7 Qc8 30.Rxa7 Qb8 31.Ra6 c6 32.dxc6 Qc8 33.Ra5 Qxc6 34.Rxc5 Qd7 
35.Qf2 Rf8 36.Nb5 Ne6 37.Rc1 Ra8 38.Qc2 Nd4 39.Qc4 Rxa4 40.Ng5+ Kh6 41.
Nf7+ Kh7 42.Ng5+ Kh6 1/2-1/2

[Event "30th WCh U20 Girls"]
[Site "Athens GRE"]
[Date "2012.08.07"]
[Round "6"]
[White "Arabidze, Meri"]
[Black "Ziaziulkina, Nastassia"]
[Result "1/2-1/2"]
[WhiteElo "2379"]
[BlackElo "2342"]
[EventDate "2012.08.02"]
[PlyCount "92"]

1.d4 d5 2.c4 c6 3.Nf3 Nf6 4.Nc3 e6 5.e3 Nbd7 6.Bd3 Bd6 7.O-O O-O 8.e4 dxc4
9.Bxc4 e5 10.Bg5 Qe7 11.d5 Rd8 12.a4 h6 13.Bh4 Nf8 14.Qb3 Ng6 15.Bg3 Nh5 
16.Ne2 Nf6 17.Nc3 Nh5 18.Rfe1 Bg4 19.Nd2 Bc5 20.Nf1 Nxg3 21.hxg3 h5 22.Ne3
Bd7 23.Ncd1 Nf8 24.a5 Rab8 25.Qa2 Nh7 26.a6 bxa6 27.Qxa6 Rdc8 28.Qa2 Nf6 
29.Nc3 g6 30.Rad1 Kg7 31.dxc6 Bxc6 32.Ncd5 Nxd5 33.Bxd5 Bd4 34.b3 Bxd5 35.
Nxd5 Qg5 36.b4 h4 37.gxh4 Qxh4 38.Rxd4 Rh8 39.Kf1 Qg4 40.Kg1 Qh5 41.f3 
exd4 42.Qxa7 Qh2+ 43.Kf2 Qh4+ 44.Kf1 Qh1+ 45.Kf2 Qh4+ 46.Kf1 Qh1+ 1/2-1/2

[Event "30th WCh U20 Girls"]
[Site "Athens GRE"]
[Date "2012.08.07"]
[Round "6"]
[White "Bulmaga, Irina"]
[Black "Klek, Hanna-Marie"]
[Result "1-0"]
[WhiteElo "2380"]
[BlackElo "2248"]
[EventDate "2012.08.02"]
[PlyCount "89"]

1.e4 e5 2.Nf3 Nc6 3.Bb5 a6 4.Ba4 Nf6 5.O-O Be7 6.Re1 b5 7.Bb3 d6 8.c3 O-O 
9.d3 Na5 10.Bc2 c5 11.Nbd2 Be6 12.Nf1 Nc6 13.Bb3 Qc8 14.Ne3 Re8 15.h3 Bf8 
16.Nh2 Nb8 17.Nhg4 Nbd7 18.Qf3 Kh8 19.Nf5 Ng8 20.Ng3 Qd8 21.Ne3 g6 22.Bd5 
Rb8 23.a4 Bh6 24.axb5 axb5 25.c4 Qf6 26.Qe2 Qd8 27.Ra6 Rb6 28.Ra7 Ne7 29.
Bd2 Nc8 30.Ra8 b4 31.Ng4 Bxd2 32.Qxd2 Rb8 33.Rxb8 Nxb8 34.Qh6 Qe7 35.Nf6 
Qxf6 36.Nh5 Nd7 37.Nxf6 Nxf6 38.Bxe6 fxe6 39.Ra1 Ng8 40.Qg5 Kg7 41.Ra8 h6 
42.Qe3 Nge7 43.h4 Nc6 44.Qc1 Rf8 45.Qa1 1-0

[Event "30th WCh U20 Girls"]
[Site "Athens GRE"]
[Date "2012.08.07"]
[Round "6"]
[White "Kulon, Klaudia"]
[Black "Guo Qi"]
[Result "1/2-1/2"]
[WhiteElo "2259"]
[BlackElo "2358"]
[EventDate "2012.08.02"]
[PlyCount "81"]

1.e4 c6 2.d4 d5 3.Nc3 dxe4 4.Nxe4 Bf5 5.Ng3 Bg6 6.Nh3 Nd7 7.Nf4 e5 8.Nxg6 
hxg6 9.dxe5 Qa5+ 10.Bd2 Qxe5+ 11.Qe2 O-O-O 12.O-O-O Ngf6 13.Qxe5 Nxe5 14.
h3 Bc5 15.f4 Ned7 16.Bc4 Rhf8 17.f5 Bd6 18.Ne2 gxf5 19.Rhf1 Ne5 20.Bb3 Ne4
21.Be3 g6 22.Bxa7 Bc5 23.Bxc5 Nxc5 24.Nd4 Rd6 25.c3 Nxb3+ 26.Nxb3 Kc7 27.
Kc2 Nc4 28.Rxd6 Ne3+ 29.Kd3 Nxf1 30.Rd4 Re8 31.Rf4 Re3+ 32.Kd4 Re1 33.Rf3 
Rd1+ 34.Ke5 Nd2 35.Nxd2 Rxd2 36.Kf6 Rxb2 37.g3 Rh2 38.h4 Rh3 39.Kxf7 f4 
40.Rxf4 Rxg3 41.Rb4 1/2-1/2

[Event "30th WCh U20 Girls"]
[Site "Athens GRE"]
[Date "2012.08.07"]
[Round "6"]
[White "Petrova, Irina"]
[Black "Cori Tello, Deysi"]
[Result "0-1"]
[WhiteElo "2173"]
[BlackElo "2413"]
[EventDate "2012.08.02"]
[PlyCount "68"]

1.d4 e6 2.g3 Nf6 3.Bg2 c5 4.Nf3 cxd4 5.O-O Be7 6.Nxd4 d5 7.c4 O-O 8.cxd5 
exd5 9.Nc3 Nc6 10.e4 Bg4 11.Nxc6 bxc6 12.f3 Be6 13.e5 Ne8 14.f4 Qd7 15.b3 
f6 16.f5 Bc5+ 17.Kh1 Bxf5 18.Nxd5 Rd8 19.Be3 Bxe3 20.Nxe3 Bd3 21.Rf4 Qe7 
22.Qe1 Qxe5 23.Bxc6 Nc7 24.Ng2 Qd6 25.Rc1 Ne6 26.Rf2 Nd4 27.Bf3 Rfe8 28.
Qd1 Qa3 29.Rc3 Be2 30.Rxe2 Nxe2 31.Bd5+ Kh8 32.Rc2 Qa5 33.Rxe2 Rxe2 34.
Qxe2 Qxd5 0-1

[Event "30th WCh U20 Girls"]
[Site "Athens GRE"]
[Date "2012.08.07"]
[Round "6"]
[White "Orozco Lopez, Lina Yomayra"]
[Black "Schut, Lisa"]
[Result "0-1"]
[WhiteElo "2150"]
[BlackElo "2305"]
[EventDate "2012.08.02"]
[PlyCount "116"]

1.e4 e6 2.d4 d5 3.Nd2 c5 4.Ngf3 cxd4 5.Nxd4 Nc6 6.Bb5 Bd7 7.N4b3 Nf6 8.
exd5 Nxd5 9.O-O Be7 10.c3 O-O 11.Ne4 Ne5 12.Be2 Qc7 13.Bg5 f6 14.Bh4 Nf4 
15.Bg3 Nxe2+ 16.Qxe2 Qc4 17.Qxc4 Nxc4 18.Nec5 Bc8 19.Rfe1 e5 20.f4 b6 21.
Nd3 Bf5 22.Nf2 Bd6 23.fxe5 fxe5 24.Re2 Rad8 25.Rae1 Bb8 26.Nc1 Rfe8 27.b3 
Na3 28.Bxe5 Nc2 29.Bxb8 Nxe1 30.Bxa7 Rxe2 31.Nxe2 Rd6 32.Nd4 Bb1 33.Kf1 
Nc2 34.Nxc2 Bxc2 35.Ke2 b5 36.Bc5 Ra6 37.b4 Rxa2 38.Ke3 Bb3 39.g3 Kf7 40.
h4 Ke6 41.Ne4 Kd5 42.Bd4 Bc4 43.Ng5 h6 44.Nh3 Re2+ 45.Kf3 Re7 46.Nf4+ Kc6 
47.Ng6 Rf7+ 48.Ke4 Bd5+ 49.Ke5 Bb3 50.g4 Bc2 51.h5 Bxg6 52.hxg6 Rf6 53.Be3
Rxg6 54.g5 hxg5 55.Kf5 Rd6 56.Kxg5 Rd3 57.Bf4 Rxc3 58.Be5 Rc4 0-1